| Tag |
First Indicator |
Second Indicator |
Subfields |
| LEADER |
00000cam a2200000 a 4500 |
| 001 |
in00001103613 |
| 005 |
20150930061010.0 |
| 008 |
900713s1991 enkab b 001 0 eng |
| 010 |
|
|
|a 90044288
|
| 015 |
|
|
|a GB91-523
|
| 019 |
|
|
|a 22180533
|
| 020 |
|
|
|a 0521401496 (hard)
|
| 035 |
|
|
|a (OCoLC)23969932
|
| 035 |
|
|
|9 AFU7665AM
|
| 040 |
|
|
|a DLC
|c DLC
|d UKM
|d TXA
|d UtOrBLW
|
| 043 |
|
|
|a f-ua---
|
| 049 |
|
|
|a TXAM
|
| 050 |
0 |
0 |
|a HD1471.E32
|b F397 1991
|
| 082 |
0 |
0 |
|a 338.1/6
|2 20
|
| 100 |
1 |
|
|a Rathbone, Dominic.
|
| 245 |
1 |
0 |
|a Economic rationalism and rural society in third-century A.D. Egypt :
|b the Heroninos archive and the Appianus estate /
|c Dominic Rathbone.
|
| 264 |
|
1 |
|a Cambridge [England] ;
|a New York :
|b Cambridge University Press,
|c 1991.
|
| 300 |
|
|
|a xix, 489 pages :
|b illustrations, map ;
|c 23 cm.
|
| 336 |
|
|
|a text
|b txt
|2 rdacontent
|
| 337 |
|
|
|a unmediated
|b n
|2 rdamedia
|
| 338 |
|
|
|a volume
|b nc
|2 rdacarrier
|
| 490 |
1 |
|
|a Cambridge classical studies
|
| 500 |
|
|
|a Revised and expanded version of the author's thesis (doctoral)--1986.
|
| 504 |
|
|
|a Includes bibliographical references and indexes.
|
| 650 |
|
0 |
|a Farms, Large
|z Egypt
|z Fayyūm
|x History.
|
| 651 |
|
0 |
|a Appianus Estate (Fayyūm, Egypt)
|x History.
|
| 650 |
|
0 |
|a Land tenure
|z Egypt
|z Fayyūm
|x History.
|
| 650 |
|
0 |
|a Landowners
|z Egypt
|z Fayyūm
|x History.
|
| 650 |
|
0 |
|a Accounting
|z Egypt
|z Fayyūm
|x History.
|
| 650 |
|
0 |
|a Produce trade
|z Egypt
|z Fayyūm
|x History.
|
| 651 |
|
0 |
|a Fayyūm (Egypt)
|x Rural conditions.
|
| 600 |
1 |
0 |
|a Appianus, of Alexandria
|x Archives.
|
| 651 |
|
0 |
|a Egypt
|x History
|y 30 B.C.-640 A.D.
|x Sources.
|
| 830 |
|
0 |
|a Cambridge classical studies.
|
| 999 |
|
|
|a MARS
|
| 999 |
f |
f |
|s 80b4c040-196a-381f-8fca-287f808eaf98
|i 1eec1bf4-fbdf-3190-af2e-f4d388d56f64
|t 0
|
| 952 |
f |
f |
|p ric
|a Texas A&M University
|b Rellis Campus
|c Joint Library Facility
|d Remote Storage
|t 0
|e HD1471.E32 F397 1991
|h Library of Congress classification
|i unmediated -- volume
|m A14816891432
|
| 998 |
f |
f |
|a HD1471.E32 F397 1991
|t 0
|l Remote Storage
|